Súlad podnikového prostredia MS Windows s bezpečnostnými štandardmi

Salvato in:
Dettagli Bibliografici
Autore principale: Pavelka, Martin (Autore)
Altri autori: Laštinec, Ján (Relatore della tesi)
Natura: Manoscritto Libro
Lingua:slovacco
Pubblicazione: 2023
Soggetti:
Accesso online:http://is.stuba.sk/zp/portal_zp.pl?podrobnosti=169844
Tags: Aggiungi Tag
Nessun Tag, puoi essere il primo ad aggiungerne!!

MARC

LEADER 00000ntm a22000003a 4500
001 stuzp94860
003 SK-STU
005 20230909223342.8
007 ta
008 150427s2015----xo-----f-mn---000-0-slo-d
040 |a STU  |b slo 
041 0 |a slo 
100 1 |a Pavelka, Martin  |u 070400  |k Z3  |4 aut  |U FIIT Fakulta informatiky a informačných technológií  |T FIIT Ústav počítačového inžinierstva a aplikovanej informatiky  |X 92118  |U I400  |Y 672  |7 92118 
242 0 1 |a The compliance of the MS Windows business environment with security standards  |y eng 
245 1 0 |a Súlad podnikového prostredia MS Windows s bezpečnostnými štandardmi 
260 |c 2023 
650 4 |a AD  |2 slo 
650 4 |a MS  |2 slo 
650 4 |a ADDC  |2 slo 
650 4 |a MS  |2 eng 
650 4 |a AD  |2 eng 
650 4 |a ADDC  |2 eng 
700 1 |a Laštinec, Ján  |u 070300  |k Z3  |4 ths  |U FIIT Fakulta informatiky a informačných technológií  |T FIIT Ústav aplikovanej informatiky  |X 56214  |U I300  |Y 180  |7 A000056214 
856 4 |u http://is.stuba.sk/zp/portal_zp.pl?podrobnosti=169844